00213nam a2200085Ia 450000100070000000500170000700800410002424500410006526000210010697786020250826220736.0250824s9999 xx 000 0 und d 0aKİMLİK HIRSIZIcRICHARD L. MABRY bMARTI YAYINCILIK